Retrouver le titre du Disney #2 - Statistiques

Statistiques générales
  • Ce quiz a été pris 115 fois
  • Le résultat moyen est 5 sur 10
Statistiques - réponses
Mon titre Le bon titre % Correct
Mur-i Wall-E
77%
Sœurs des loups Frères des ours
76%
Les riches félins Les aristochats
72%
Âme Soul
69%
Avançons En avant
47%
Les protagonistes récents Les nouveaux héros
46%
Kim de la forêt Robin des Bois
28%
Voles Planes
23%
Dieubiche Aladdin
17%
Musique queue de queue Mélodie cocktail
6%
Aucun quiz correspondant
Distribution des résultats
% des personnes avec chaque résultat
Percentile par nombre de réponses
Votre historique - résultats
Vous n’avez pas pris ce quiz